000 006370000a22002170004500
003 LK-CoMWRAF
005 20230917204239.0
008 230817t2001 ||||| |||| 00| 0 eng d
020 _a0813026490
040 _aLK-CoMWRAF
_dLK-CoMWRAF
_eLK-CoMWRAF
041 _aeng
082 _a297.27
_bMOU
100 _aMoussalli, Ahmed S.
245 _aThe Islamic quest for democracy, pluralism, and human rights
260 _bLondon :
_aUniversity Press,
_c2001
300 _a226 p. ; 23 cm
650 _aDemocracy -- Religious aspects -- Islam
650 _aReligious pluralism -- Islam
650 _aHuman rights -- Islam
942 _cBK
999 _c323
_d323